Nové trendy pri výbere zamestnancov (na príklade vybranej firmy) bakalárska práca

Guardado en:
Detalles Bibliográficos
Autor principal: Véghová, Michaela
Autor Corporativo: Obchodná fakulta EU. Katedra medzinárodného obchodu
Otros Autores: Krajčík, Daniel, 1981-
Formato: Libro
Lenguaje:eslovaco
Publicado: Bratislava 2012
Etiquetas: Agregar Etiqueta
Sin Etiquetas, Sea el primero en etiquetar este registro!

MARC

LEADER 00000nbm a2200000 4500
001 0154245
005 20161109111829.7
041 0 |a slo 
044 |a SK 
245 1 0 |a Nové trendy pri výbere zamestnancov (na príklade vybranej firmy)  |b bakalárska práca  |c Michaela Véghová ; školiteľ: Daniel Krajčík 
264 1 |a Bratislava  |c 2012 
300 |a 39 s. 
100 1 |a Véghová, Michaela 
700 1 |a Krajčík, Daniel, 1981- 
710 2 |a Obchodná fakulta EU. Katedra medzinárodného obchodu